000 01023nam0a22002651 4500
001 v19\rc\2079055
005 20250620032617.0
035 _a(NLR Aleph) 005150022
090 _a4891058
_c4891058
100 _a20081218e19111911|||y0rusy50 ca
101 0 _arus
102 _aRU
105 _ay z |||||
200 1 _aРусский баптизм, его общий характер и учение о крещении
210 _aСимферополь
_cТаврическая губ. тип.
_d1911
215 _a23 с.
300 _aВ конце текста авт.: А. Гурич
311 _aИзвлеч. из №№ 18, 19-20 и 21 Тавр. епарх. ведомостей
488 0 _12001#$aТаврические епархиальные ведомости$v№ 18, 19-20, 21
_tТаврические епархиальные ведомости
700 1 _aГурич
_bА.
801 0 _aRU
_bNLR
_gpsbo
801 1 _aRU
_bProSoft-M
_2rusmarc
852 _aNLR
_j20.95.7.222
942 _cBOOK
980 _aNB